Stati per minore tasso di natalità - Africa - Statistics

Statistiche generali
  • Questo quiz è stato fatto 4 volte
  • Il punteggio medio è 9 su 10
Statistiche sulle risposte
Tasso di natalità (nati / 1000 abitanti) Nazione % Corretto
17,84 Algeria
100%
20,48 Egitto
100%
20,88 Libia
100%
17,10 Marocco
100%
9,82 Mauritius
100%
12,10 Seychelles
100%
18,24 Sudafrica
100%
14,05 Tunisia
100%
18,19 Capo Verde
75%
19,95 Botswana
50%
Nessun quiz corrispondente trovato
Distribuzione punteggi
Percentuale di utenti per punteggio
Percentile per numero di risposta
I tuoi punteggi nel tempo
Non hai fatto questo quiz